|
|
|
|
| LEADER |
00000nab a2200000u 4500 |
| 001 |
vtls012065510 |
| 003 |
SK-MaSNL |
| 005 |
20260303100118.0 |
| 008 |
210813|20210812xo ||||||| || ||slo| |
| 038 |
|
|
|a KEVKJB
|
| 040 |
|
|
|a KEVKJB
|b slo
|e rda
|
| 041 |
0 |
|
|a slo
|
| 043 |
|
|
|a e-xo---
|
| 044 |
|
|
|a xo
|c SK
|
| 072 |
|
7 |
|a 796
|x Šport. Hry. Telesné cvičenia
|2 konspekt
|
| 080 |
|
|
|a 796.355
|2 2011
|
| 100 |
1 |
|
|a Fotta, Patrik
|4 ivr
|9 1086421
|
| 245 |
1 |
0 |
|a Florbal patrí na olympiádu, chcem ho mať aj na festivale mládeže EYOF
|b zvládneme aj pandémiu, vraví nový prezident zväzu
|c Patrik Fotta, Martin Kopejtko
|
| 300 |
|
|
|b Fotografie
|
| 336 |
|
|
|a text
|b txt
|2 rdacontent
|
| 337 |
|
|
|a bez média
|b n
|2 rdamedia
|
| 338 |
|
|
|a zväzok
|b nc
|2 rdacarrier
|
| 600 |
1 |
7 |
|a Kopejtko, Martin,
|d 1977-
|2 kevkjb
|9 1109966
|
| 610 |
2 |
7 |
|a Slovenský zväz florbalu
|2 kevkjb
|9 1109967
|
| 650 |
0 |
7 |
|a florbal
|2 SNKPH
|9 31731
|
| 651 |
|
7 |
|a Košice (Slovensko)
|2 SNKPHgeo
|9 18694
|
| 655 |
|
7 |
|a rozhovory
|2 SNKPH
|9 31831
|
| 700 |
1 |
|
|a Kopejtko, Martin,
|d 1977-
|4 ive
|9 1109966
|
| 773 |
0 |
|
|t Korzár
|g Roč. XXIV., č. 185 (12.8.2021), s. 14
|x 2585-7355
|
| 852 |
|
|
|a KEVKJB
|b KIS3GCP
|
| 856 |
4 |
1 |
|u https://sportnet.sme.sk/spravy/florbal-olympijsky-sport-martin-kopejtko-rozhovor/
|
| 999 |
|
|
|c 1828113
|d 1830043
|